सफलतेमधील आनंद : जे.आर.डी.टाटा यांSयाशी सुसंवाद (Record no. 324363)

MARC details
000 -LEADER
fixed length control field 00819nam a2200181Ia 4500
008 - FIXED-LENGTH DATA ELEMENTS--GENERAL INFORMATION
fixed length control field 090711s9999 xx 000 0 und d
082 ## - DEWEY DECIMAL CLASSIFICATION NUMBER
Item number 825
100 ## - MAIN ENTRY--PERSONAL NAME
Personal name रुसी लाला
245 ## - TITLE STATEMENT
Title सफलतेमधील आनंद : जे.आर.डी.टाटा यांSयाशी सुसंवाद
260 ## - PUBLICATION, DISTRIBUTION, ETC. (IMPRINT)
Name of publisher, distributor, etc उत्कर्ष प्रकाशन
300 ## - PHYSICAL DESCRIPTION
Extent 227
600 ## - SUBJECT ADDED ENTRY--PERSONAL NAME
Personal name रुसी लाला
630 ## - SUBJECT ADDED ENTRY--UNIFORM TITLE
Uniform title सफलतेमधील आनंद : जे.आर.डी.टाटा यांSयाशी सुसंवाद
700 ## - ADDED ENTRY--PERSONAL NAME
Personal name रुसी लाला
700 ## - ADDED ENTRY--PERSONAL NAME
Personal name पाध्ये अशोक
730 ## - ADDED ENTRY--UNIFORM TITLE
Uniform title सफलतेमधील आनंद : जे.आर.डी.टाटा यांSयाशी सुसंवाद
942 ## - ADDED ENTRY ELEMENTS (KOHA)
Koha item type Book

No items available.